Revista de Ciencias Sociales/
Guardado en:
| Institution som forfatter: | |
|---|---|
| Format: | Bog |
| Sprog: | Spanish |
| Udgivet: |
San José, Costa Rica
Editorial UCR
1959-
|
| Tags: |
Tilføj Tag
Ingen Tags, Vær først til at tagge denne postø!
|
MARC
| LEADER | 00000nam a2200000 4500 | ||
|---|---|---|---|
| 003 | cru CIDCACS/IIS | ||
| 005 | 20230919142431.0 | ||
| 007 | ta | ||
| 008 | 161111s1959 cr ||||| |||| 00| 0 spa d | ||
| 022 | |a 04825276 | ||
| 040 | |c cru CIDCACS/IIS |a CRAI/IIS | ||
| 090 | |a REV0862 | ||
| 110 | 1 | |9 5075 |a Universidad de Costa Rica. |b Facultad de Ciencias Sociales | |
| 245 | 1 | |a Revista de Ciencias Sociales/ |c Universidad de Costa Rica | |
| 260 | |a San José, Costa Rica |b Editorial UCR |c 1959- | ||
| 270 | |a Editorial Universidad de Costa Rica, Ciudad Universitaria Rodrigo Facio |d Costa Rica |e Apdo. 11501-2060 Costa Rica |j 25115853/ 25115957 |l 506 22249367 | ||
| 310 | |a Trimestral | ||
| 500 | |a La Revisa se publica por primera vez en el año de 1956 bajo el título de Revista de Ciencias Jurídico-Sociales de la cual se publicaron los tres primero ejemplares y a partir de la No. 4 se le cambia el nombre a Revista de Ciencias Sociales. En los primeros años la publicación es irregular | ||
| 500 | |a Colección Centroamérica | ||
| 942 | |2 ddc |c PP |h REV0862 |i 18922 |6 REV0862_18922 | ||
| 999 | |c 18728 |d 18728 | ||
